Statistiques concernant Première Guerre Mondiale (1)

Cliquez ici pour prendre le quiz!

Statistiques générales

  • Ce quiz a été pris 165 fois
  • Le résultat moyen est 5 sur 19

Statistiques - réponses

DateÉvénement% Correct
11 novembre 1918Armistice
79%
Février-Décembre 1916Bataille de Verdun
73%
28 juin 1919Traité de Versailles
62%
28 juin 1914Attentat de Sarajevo
50%
Septembre 1914Bataille de la Marne
48%
Juillet-Novembre 1916Bataille de la Somme
44%
Février-Octobre 1917Révolutions russes
42%
3 août 1914Début de la guerre
32%
1915-1916Génocide arménien
22%
16 avril 1917Bataille du chemin des Dames
14%
3 mars 1918Traité de Brest-Litovsk
7%
31 juillet 1914Assassinat de Jean Jaurès
4%
7 mai 1915Torpillage du Lusitania par les allemands
2%
6 avril 1917Déclaration de guerre des États-Unis
1%
Début 1915Début de la bataille d’opposition
0%
Printemps 1917Début des mutineries
0%
Avril 1917Grèves à l’arrière
0%
23 mai 1915L’Italie déclare la guerre à l’Allemagne
0%
22 avril 1915Première utilisation d’un gaz toxique
0%

Distribution des résultats

Percentile par nombre de réponses

% des personnes avec chaque résultat

Votre développement - résultats

Vous n’avez pas pris ce quiz